1868 1052 1874 1372 1289 1311 1458 1022 1760 1432 1279 1079 1871 1714 1979 1525 1615 1690 1076 1849 1928 1802 1956 1400 1989 1716 1381 1174 1345 1655 1329 1169 1759 1434 1921 1199 1443 1234 1825 1114 1466 1081 1627 1099 1144 1295 1935 1418 1323 1527 1134 1092 1728 1977 1961 1365 1922 1275 1702 1519 1129 1319 1278 1757 1589 1845 1011 1300 1263 1291 1367 1652 1103 1836 1301 1652 1169 1494 1708 1048 1536 1018 1831 1286 1595 1318 1233 1250 1897 1142 1441 1628 1765 1056 1374 1768 1998 1457 1105 BCNSPRNW ULIB Ver.6.0+V

เปลี่ยนเป็นภาษาไทย

Change to English
 แสดงรายละเอียดบรรณานุกรม
  กลับหน้าหลัก

Brief Record : Get Marc (ISO 2709) : E-mail record : QR code < ปิดหน้าต่าง
LEADER : 00000nam 2200000uu 4500
001    13399112934
003     ULIB
008    110919s2552||||th 000 0 tha d
020    9786119015302
090    นว.^bส174ร 2552
100 0  สเตเฟนี่ เมเยอร์
245 00 รุ่งอรุโณทัย เล่ม 1/^cอาทิตยา แปล
250    พิมพ์ครั้งที่ 5
260    กรุงเทพฯ :^bปราชญ์เปรียว,^c2552
300    384 หน้า
945    ^p280^l0^i16299
995    กัณชพร
999     ^aใช้งานได้ทุกระบบ
รายการนี้ยังไม่มีแท็ก
คุณยังไม่ได้ล็อกอิน คุณสามารถมีกิจกรรมร่วมกับเว็บไซต์ได้ แต่ต้องล็อกอินก่อน ::
  ล็อกอิน

รายการสื่อสารสนเทศ

ลำดับที่ ประเภท เลขเรียก/บาร์โค้ด สถานที่ สถานะ
1. วิทยาศาสตร์การแพทย์ และสุขภาพ
วิทยาศาสตร์การแพทย์ และสุขภาพ
นว. ส174ร 2552  
  Barcode: 16299
ห้องสมุดวิทยาเขตสวรรค์ประชารักษ์
►นวนิยาย
บนชั้น
  ขอยืม

รายการใกล้เคียง
    ผู้แต่ง [สเตเฟนี่ เมเยอร์]

BibComment


ยังไม่เคยถูกคอมเมนท์

คอมเมนท์ทรัพยากรรายการนี้
  คอมเมนท์: รุ่งอรุโณทัย เล่ม..


 Copyright 2026. Bcnsprnw @Library